Catálogo público

Calidad física y fisiológica de semilla de agave salmiana otto ex Salm-Dyck y desarrollo temprano de la planta / (Record no. 209734)

MARC details
000 -CABECERA
campo de control de longitud fija 05044nam a2200469 a 4500
001 - NÚMERO DE CONTROL
campo de control dia_7796
003 - IDENTIFICADOR DEL NÚMERO DE CONTROL
campo de control CHAP
005 - FECHA Y HORA DE LA ÚLTIMA TRANSACCIÓN
campo de control 20240620105517.0
007 - CAMPO FIJO DE DESCRIPCIÓN FÍSICA--INFORMACIÓN GENERAL
campo de control de longitud fija ta
008 - DATOS DE LONGITUD FIJA--INFORMACIÓN GENERAL
campo de control de longitud fija 220601s2018 mx doa frm 001 0 spa d
040 ## - FUENTE DE LA CATALOGACIÓN
Centro catalogador/agencia de origen mxchpua
Centro/agencia transcriptor CHAP
Normas de descripción rda
041 0# - CÓDIGO DE LENGUA
Código de lengua del texto/banda sonora o título independiente spa
Código de lengua del sumario o resumen eng
090 ## - LOCALMENTE ASIGNADO TIPO-LC NÚMERO DE CLASIFICACIÓN (OCLC); NÚMERO DE CLASIFICACIÓN LOCAL (RLIN)
Número de clasificación (OCLC) (R) ; Numero de clasificación, CALL (RLIN) (NR) Tesis
Número cutter local (OCLC) ; Número de libro/Signatura topográfica íntegra, CALL (RLIN) G65
año 2018
100 1# - ENTRADA PRINCIPAL--NOMBRE DE PERSONA
Nombre de persona Colchado Morales, Gloria María
240 10 - TÍTULO UNIFORME
Título uniforme Physical and physiological quality of agave salmiana otto ex Salm-Dyck seed and early development of the plant.
Lenguaje de la obra Español
245 10 - MENCIÓN DE TÍTULO
Título Calidad física y fisiológica de semilla de agave salmiana otto ex Salm-Dyck y desarrollo temprano de la planta /
Mención de responsabilidad, etc. Gloria María Colchado Morales
264 ## - PRODUCCIÓN, PUBLICACIÓN, DISTRIBUCIÓN, FABRICACIÓN Y COPYRIGHT
Producción, publicación, distribución, fabricación y copyright Chapingo, México :
Nombre del de productor, editor, distribuidor, fabricante El autor,
Fecha de producción, publicación, distribución, fabricación o copyright 2018
300 ## - DESCRIPCIÓN FÍSICA
Extensión ix, 52 hojas :
Otras características físicas gráficas, diagramas, fotos +
Material acompañante/anejo 1 CD-ROM
336 ## - TIPO DE CONTENIDO
Fuente rdacontent
Término de tipo de contenido texto
Código de tipo de contenido txt
337 ## - TIPO DE MEDIO
Fuente rdamedia
Nombre/término del tipo de medio no mediado
Código del tipo de medio n
338 ## - TIPO DE SOPORTE
Fuente rdacarrier
Nombre/término del tipo de soporte volumen
Código del tipo de soporte nc
500 ## - NOTA GENERAL
Nota general El CD contiene reporte y artículo
502 ## - NOTA DE TESIS
Nota de tesis Tesis
Tipo de título (Ingeniero Agroindustrial) --
Nombre de la institución que otorga el título UACh. Departamento de Ingeniería Agroindustrial,
Año de obtención del título 2018
504 ## - NOTA DE BIBLIOGRAFÍA, ETC.
Nota de bibliografía, etc. Bibliografía: hojas 48-52
520 3# - SUMARIO, ETC.
Sumario, etc. Agave salmiana Otto ex Salm-Dyck son plantas que han desarrollado diversos mecanismos que les han permitido sobrevivir en ambientes desfavorables con escasa precipitación y alternancia de temperatura durante el día y la noche. El género Agave se considera un recurso importante, principalmente en las zonas áridas y semiáridas, debido a que tiene una amplia variedad de usos, que han permitido satisfacer las necesidades de los individuos, además de las características actuales del mercado de Agave. Como principales usos de estas plantas se encuentran: ornamental, alimento, combustible, recreación, así como aspectos espirituales y culturales, siendo uso alimenticio el que se considera con mayor relevancia. Por lo mencionado anteriormente, el objetivo de la presente investigación fue evaluar la calidad física y fisiológica, así como el desarrollo temprano de la planta de Agave salmiana Otto ex Salm-Dyck Cultivar ?Xamini? y ?Verde? provenientes de Cardonal Hidalgo. Se determinó el peso de 100 semillas, humedad, porcentaje de germinación antes y después de la aplicación de pruebas de vigor (envejecimiento acelerado y conductividad eléctrica), así como el desarrollo temprano de la planta. Posteriormente los resultados de la calidad física y fisiológica se sometieron a un análisis de varianza (ANOVA) de acuerdo con un diseño experimental completamente al azar. De esta manera, los resultados pueden ser utilizados para la clasificación de lotes de semillas y con base a dichas características poder tomar decisiones en cuanto al potencial de siembra de cada lote de semillas. La semilla de dos cultivares de agave presentaron alta germinación y vigor y las plantas obtenidas después del envejecimiento acelerado fueron en general similares en cuanto al desarrollo al testigo.
520 3# - SUMARIO, ETC.
Sumario, etc. Agave salmiana Otto ex Salm-Dyck are plants with different physiological mechanisms to survive harsh environments: low rain and big differences of temperature between day and night. The genus Agave is an important resource in the arid and semiarid regions due to the utilization of the plant to satisfy requirements of the people, also, due to the high demand of Agave. The main uses of the Agave plants are: ornamental, food, energy, recreation, cultural and spiritual ceremonies, however, the main use is as a food. The aim of this research was to assess the physical and physiological seed quality, in addition to the early plant development of Agave salmiana Otto ex Salm-Dyck landrace ?Xamini? and ?Verde? collected from the Cardonal, Hgo. The responses variables were: 100 seed weight, moisture content, percentage of germination before and after the accelerated seed ageing test, conductivity test and the early development of the agave plant. The results of the physical and physiological quality of agave seed were analysed by ANOVA according with a complete randomized design. The research can be useful to classify seed lots and also to make decisions about the seed sow potential of each seed lot. The seed of the two landraces of agave had high germination and vigour. In addition, the plants obtained after the accelerated ageing test were in general equal to the control treatment.
650 13 - PUNTO DE ACCESO ADICIONAL DE MATERIA--TÉRMINO DE MATERIA
Término de materia o nombre geográfico como elemento de entrada Semillas
Subdivisión general Agave salmiana
Fuente del encabezamiento o término atg
650 13 - PUNTO DE ACCESO ADICIONAL DE MATERIA--TÉRMINO DE MATERIA
Término de materia o nombre geográfico como elemento de entrada Semillas
Subdivisión general Variedades
Fuente del encabezamiento o término atg
650 13 - PUNTO DE ACCESO ADICIONAL DE MATERIA--TÉRMINO DE MATERIA
Término de materia o nombre geográfico como elemento de entrada Propiedades fisicoquímicas
Fuente del encabezamiento o término atg
650 13 - PUNTO DE ACCESO ADICIONAL DE MATERIA--TÉRMINO DE MATERIA
Término de materia o nombre geográfico como elemento de entrada Seeds
Subdivisión general Agave salviana
Fuente del encabezamiento o término atg
650 13 - PUNTO DE ACCESO ADICIONAL DE MATERIA--TÉRMINO DE MATERIA
Término de materia o nombre geográfico como elemento de entrada Seeds
Subdivisión general Varieties
Fuente del encabezamiento o término atg
650 13 - PUNTO DE ACCESO ADICIONAL DE MATERIA--TÉRMINO DE MATERIA
Término de materia o nombre geográfico como elemento de entrada Physicochemical properties
Fuente del encabezamiento o término atg
700 1# - PUNTO DE ACCESO ADICIONAL--NOMBRE DE PERSONA
Nombre de persona García Nava, José Rodolfo
Término indicativo de función/relación director
700 1# - PUNTO DE ACCESO ADICIONAL--NOMBRE DE PERSONA
Nombre de persona Ybarra Moncada, Ma. Carmen
Término indicativo de función/relación asesora
700 1# - PUNTO DE ACCESO ADICIONAL--NOMBRE DE PERSONA
Nombre de persona Hernández Ramos, Lyzbeth
Término indicativo de función/relación asesora
856 41 - LOCALIZACIÓN Y ACCESO ELECTRÓNICOS
Identificador Uniforme del Recurso <a href="http://10.13.5.2/tesis/sist115222.pdf">http://10.13.5.2/tesis/sist115222.pdf</a>
Texto de enlace DESCARGAR PDF
901 ## - ELEMENTOS DE DATOS A LOCAL LDA (RLIN)
a TESIS G65 2018
942 ## - ELEMENTOS DE PUNTO DE ACCESO ADICIONAL (KOHA)
Tipo de ítem Koha TESIS
Fuente del sistema de clasificación o colocación Clasificación Universidad Autónoma Chapingo
902 ## - ELEMENTOS DE DATOS B LOCAL, LDB (RLIN)
a M
905 ## - ELEMENTOS DE DATOS E LOCAL, LDE (RLIN)
a 5232272018 MX NDL 8223123322SPA16
Holdings
Estado de retiro Estado de pérdida Fuente del sistema de clasificación o colocación Estado dañado Restricciones de uso No para préstamo Código de colección Localización permanente Ubicación/localización actual Fecha de adquisición Fuente de adquisición Total de préstamos Signatura topográfica completa Código de barras Fecha visto por última vez Número de copia Tipo de ítem Koha Ubicación en estantería Precio válido a partir de
    Clasificación Universidad Autónoma de Chapingo   Préstamo interno   Tesis Ingenieria Agroindustrial Ingenieria Agroindustrial 01/06/2022 El autor   Tesis G65 2018 1101013285 01/06/2022 Ej. 3 CD    
    Clasificación Universidad Autónoma de Chapingo   Préstamo interno   Tesis Ingenieria Agroindustrial Ingenieria Agroindustrial 01/06/2022 El autor   Tesis G65 2018 1101013283 02/02/2026 Ej. 1 Tesis    
    Clasificación Universidad Autónoma de Chapingo   Préstamo interno   Tesis Ingenieria Agroindustrial Ingenieria Agroindustrial 01/06/2022 El autor   Tesis G65 2018 1101013284 01/06/2022 Ej. 2 CD    
    Clasificación Universidad Autónoma de Chapingo       Tesis digitales de Licenciatura Ingenieria Agroindustrial Ingenieria Agroindustrial 17/02/2023 El autor     1201013283 17/02/2023   Tesis digital En línea 17/02/2023